Ηθικές παράμετροι στην ένταξη των ΤΠΕ στην εκπαίδευση : έρευνα στην πρωτοβάθμια εκπαίδευση : διπλωματική εργασία [μεταπτυχιακή εργασία]
Αποθηκεύτηκε σε:
| Κύριος συγγραφέας: | |
|---|---|
| Συγγραφή απο Οργανισμό/Αρχή: | |
| Άλλοι συγγραφείς: | |
| Μορφή: | Thesis Βιβλίο |
| Γλώσσα: | Greek |
| Δημοσίευση: |
2014
|
| Θέματα: | |
| Διαθέσιμο Online: | http://hdl.handle.net/11610/14303 |
| Ετικέτες: |
Προσθήκη ετικέτας
Δεν υπάρχουν, Καταχωρήστε ετικέτα πρώτοι!
|
MARC
| LEADER | 00000cam a2200000 i 4500 | ||
|---|---|---|---|
| 001 | 1/59409 | ||
| 008 | 141110s2014 gre d | ||
| 035 | |l 10119691 | ||
| 040 | |a GR-MY-UA |b gre |e aacr | ||
| 041 | 0 | |a gre | |
| 082 | 0 | |a 371.33 |2 (22) | |
| 100 | 1 | |a Αρμάδα, Αικατερίνη Α. | |
| 245 | 1 | 0 | |a Ηθικές παράμετροι στην ένταξη των ΤΠΕ στην εκπαίδευση : |b έρευνα στην πρωτοβάθμια εκπαίδευση : διπλωματική εργασία [μεταπτυχιακή εργασία] / |c Αρμάδα Α. Αικατερίνη ; επιβλέπουσα: Θεοδωροπούλου Έλενα |
| 260 | |c 2014 | ||
| 300 | |a 82 σ.; |c 30 εκ. | ||
| 500 | |a Μέλη εξεταστικής επιτροπής: Δημητρακοπούλου Αγγελική, Φεσάκης Γεώργιος | ||
| 502 | |a Διατριβή (μεταπτυχιακή) – Πανεπιστήμιο Αιγαίου, Ρόδος, 2014. | ||
| 504 | |a Βιβλιογραφία: σ. 77-82 | ||
| 650 | 0 | 0 | |a Internet in education. |
| 650 | 0 | 0 | |a Education |x Data processing |x Study and teaching. |
| 650 | 0 | 0 | |a Education |x Effect of technological innovations on. |
| 650 | 0 | 0 | |a Educational technology |z Greece. |
| 650 | 0 | 0 | |a Dissertations, Academic |z Greece. |
| 700 | 1 | |a Θεοδωροπούλου, Έλενα Κ. |4 ths | |
| 710 | 2 | |a Πανεπιστήμιο Αιγαίου |b Σχολή Ανθρωπιστικών Επιστημών |b Τμήμα Επιστημών της Προσχολικής Αγωγής και του Εκπαιδευτικού Σχεδιασμού |b Πρόγραμμα Μεταπτυχιακών Σπουδών Μοντέλα Σχεδιασμού και Ανάπτυξης Εκπαιδευτικών Μονάδων . | |
| 852 | |a INST |b RHODES |c DIATR |e 20141110 |h 371.33 ΑΡΜ |p 005400037265 |q 005400037265 |t MTXE |y 23 | ||
| 852 | |a INST |b RHODES |c DIATR |e 20141110 |h 371.33 ΑΡΜ |p 005400037266 |q 005400037266 |t MTXE |y 23 | ||
| 856 | |u http://hdl.handle.net/11610/14303 | ||
| 901 | |a BIBL4-2014-3 | ||
| 909 | |a Ρ |b 183585 | ||
| 909 | |a Ρ |b 183586 | ||
| 924 | |a ΑΡΜΑΔΑ |b ΑΙΚΑΤΕΡΙΝΗ Α. |y ΡΟΔΟΣ |z 2014-07 | ||
| 970 | |z 2014/11/10 | ||